|
|
|
|
| LEADER |
00000nam a2200000 a 4500 |
| 001 |
vtls001418767 |
| 003 |
SK-MaSNL |
| 005 |
20260301012725.0 |
| 008 |
240315s2001 xo ap r yy slo |
| 015 |
|
|
|a SNBA2001/12-03958
|
| 020 |
|
|
|a 8088743427
|
| 035 |
|
|
|a SNK000373570
|
| 035 |
|
|
|a urn:nbn:sk:snk-amkn8n
|
| 035 |
|
|
|a urn:nbn:sk:snk-am003bq1
|
| 035 |
|
|
|a E5766389-ADAF-40F9-8A0F-DDD58B4A492B
|
| 040 |
|
|
|a SNK
|b slo
|c SNK
|e AACR2
|
| 041 |
0 |
|
|a slo
|
| 044 |
|
|
|a xo
|c SK
|
| 080 |
|
|
|a 612.81/.84:178(053)
|2 1981
|
| 080 |
|
|
|a 178(035)
|2 1981
|
| 100 |
1 |
|
|a Masár, Oto,
|d 1956-
|4 aut
|9 190071
|
| 245 |
1 |
0 |
|a Niektoré medicínske problémy spojené s toxikomániou v spoločnosti
|c Oto Masár, Helena Drobná
|
| 260 |
|
|
|a Bratislava
|b CHARIS
|c 2001
|
| 300 |
|
|
|a 121 s.
|b sch., tab.
|c 21 cm
|
| 650 |
0 |
7 |
|a toxikománia
|x príznaky
|x diagnostika
|x príručky
|2 SNK
|9 298223
|
| 655 |
|
7 |
|a príručky
|2 SNK
|9 74364
|
| 700 |
1 |
|
|a Drobná, Helena,
|d 1946-
|4 aut
|9 223307
|
| 919 |
|
|
|a 80-88743-42-7
|
| 958 |
|
|
|a TL
|
| 958 |
|
|
|a NB
|
| 958 |
|
|
|a MI
|
| 999 |
|
|
|c 554244
|d 556174
|
| 952 |
|
|
|t P60, <03>, [BOOK], {603}
|a SNK
|b SNK
|y PREZ
|7 0
|p 17A0310910
|o snkSC 105712
|i snkKSP 9771/2001
|0 0
|1 0
|4 0
|d 2001-08-17
|f 1
|l 0
|r 2025-09-26 00:00:00
|w 2026-02-23
|
| 952 |
|
|
|t P60, <04>, [BOOK], {604}
|a SNK
|b SNK
|y VYP
|7 0
|p 17A0310909
|o snkSC 105712 D1
|i snkKSP 9772/2001
|0 0
|1 0
|4 0
|d 2001-08-17
|l 0
|r 2005-01-02 00:00:00
|w 2026-02-23
|